书目信息 |
| 题名: |
英汉法律词典
|
|
| 作者: | 《英汉法律词典》编写组 编 | |
| 分册: | ||
| 出版信息: | 北京 法律出版社 1985 |
|
| 页数: | 1201页 | |
| 开本: | 20cm | |
| 丛书名: | ||
| 单 册: | ||
| 中图分类: | D9-61 | |
| 科图分类: | ||
| 主题词: | 法律 | |
| 电子资源: | ||
| ISBN: | ||
| 000 | 00591nam0 2200193 450 | |
| 001 | 0630928984 | |
| 005 | 20061025083658.96 | |
| 010 | @dCNY15.00 | |
| 100 | @a20061025d1985 km y0chiy0120 ea | |
| 101 | 0 | @achi |
| 102 | @aCN@b110000 | |
| 200 | 1 | @a英汉法律词典@Aying han fa lu ci dian@f《英汉法律词典》编写组编@F《ying han fa lu ci dian》bian xie zu bian |
| 210 | @a北京@c法律出版社@d1985 | |
| 215 | @a1201页@d20cm | |
| 606 | 0 | @a法律 |
| 690 | @aD9-61@v3 | |
| 701 | 0 | @a《英汉法律词典》编写组@A《ying han fa lu ci dian》bian xie zu@4编 |
| 801 | 0 | @aCN@bPFT@c20061025 |
| 905 | @a10447@dD9-61@e124 | |
| 英汉法律词典/《英汉法律词典》编写组编.-北京:法律出版社,1985 |
| 1201页;20cm |
| ISBN :CNY15.00 |
| ● |
| 相关链接 |
|
|
|
|
正题名:英汉法律词典
索取号:D9-61/124
 
预约/预借
| 序号 | 登录号 | 条形码 | 馆藏地/架位号 | 状态 | 备注 |
| 1 | 0209941 | 002054886 | 第一样本阅览室/ [索取号:D9-61/124] | 在馆 |